000
00242nam a2200097Ia 4500
008
230508s1967 xx 000 0 und d
041
_a
eng
100
_a
FORREST R. LINDSEY
245
_a
PIPE FITTERS HANDBOOK
260
_b
INDUSTRIAL PRESS
_c
1967
999
_c
739347
_d
739347